BUBT Library Online Catalog

Law dictionary (English-Bengali). (Record no. 299)

000 -LEADER
fixed length control field 00676nam a22002417a 4500
008 - FIXED-LENGTH DATA ELEMENTS--GENERAL INFORMATION
fixed length control field 130505b xxu||||| |||| 00| 0 eng d
024 ## - OTHER STANDARD IDENTIFIER
Terms of availability Available
037 ## - SOURCE OF ACQUISITION
Terms of availability Available
040 ## - CATALOGING SOURCE
Original cataloging agency MBSTU LIBRARY
Modifying agency MBSTU LIBRARY
082 ## - DEWEY DECIMAL CLASSIFICATION NUMBER
Edition number 22
Classification number 340.3 KHL
100 ## - MAIN ENTRY--PERSONAL NAME
Personal name Khan, Md. Ansar Ali.
245 ## - TITLE STATEMENT
Title Law dictionary (English-Bengali).
250 ## - EDITION STATEMENT
Edition statement 1st
260 ## - PUBLICATION, DISTRIBUTION, ETC. (IMPRINT)
Place of publication, distribution, etc. Dhaka
Name of publisher, distributor, etc. Bangladesh Law Book Company.
Date of publication, distribution, etc. 2002
300 ## - PHYSICAL DESCRIPTION
Extent 25 cm.
Other physical details 397 page
Type of unit 2
Size of unit 25 cm.
600 ## - SUBJECT ADDED ENTRY--PERSONAL NAME
Personal name Law reform.
650 ## - SUBJECT ADDED ENTRY--TOPICAL TERM
Source of heading or term Law reform.
700 ## - ADDED ENTRY--PERSONAL NAME
Personal name Khan, Md. Ansar Ali.
270 ## - ADDRESS
Address Dhaka
City Dhaka
Country Bangladesh
365 ## - TRADE PRICE
Price amount 300.00
Unit of pricing 300.00
942 ## - ADDED ENTRY ELEMENTS (KOHA)
Source of classification or shelving scheme
Koha item type Books

No items available.

More Information About Library

Library Hours

  • Open: 9.00 am. to 9.00 pm.
  • Only Sunday: 9.00 am. to 6.00 pm.
  • Closed: Holiday

Contact to the University

Bangladesh University of Business and Technology Library

  • Mirpurl-2, 1216.
  • Phone:
  • Fax:
  • E-Mail: admin.library@bubt.edu.bd

Contact to the Library

Contact Person:

Md. Abdul Hakim Shah
Joint Librarian
PABX No:  113
Cell No: 01816332931
E-mail: official: admin.library@bubt.edu.bd
Personal: hakim.shah@bubt.edu.bd


BUBT Library

Copyright © 2021